Geography Quiz

Random Geography or State Quiz
Score 0/20 Timer 02:00
0 Plays Today
States Y or N % Correct
California and Oregon???
93.9%
Washington and Idaho???
92.8%
Hawaii and Alaska???
81.9%
Minnesota and North Dakota???
80.2%
Texas and Arkansas???
79%
Ohio and West Virginia???
75.4%
Nebraska and Colorado???
73.8%
Iowa and Indiana???
71.6%
Vermont and Massachusetts???
68.1%
South Dakota and Kansas???
67.3%
States Y or N % Correct
Missouri and Tennessee???
66.9%
Alabama and Arkansas???
61%
South Carolina and Tennessee???
60.1%
Delaware and Pennsylvania???
58.5%
Louisiana and Oklahoma???
58.1%
Nevada and Wyoming???
52.4%
Colorado and Nevada???
50.8%
Oklahoma and New Mexico???
50.8%
Michigan and Illinois???
45%
North Carolina and Georgia???
44.5%
Remove Ads.
Support Sporcle.
Get the best of Sporcle when you Go Orange. This ad-free experience offers more features, more stats, and more fun while also helping to support Sporcle. Thank you for becoming a member.

You're not logged in!

Compare scores with friends on all Sporcle quizzes.
OR
Log In

Sporcle TV

Today on Sporcle TV


Watch our educational content, quiz creation guides, and fun videos on Sporcle TV.

Show Comments

Extras

Top Quizzes Today


Score Distribution

Paid Content

Your Account Isn't Verified!

In order to create a playlist on Sporcle, you need to verify the email address you used during registration. Go to your Sporcle Settings to finish the process.

Report this User

Report this user for behavior that violates our Community Guidelines.

Details: